00856nam a22001937a 450000500170000000800410001704000270005804100080008504400070009310000280010024501710012826000990029930000230039850200870042165000640050865000360057265000260060865000280063420180803170214.0160122b2015 ck |||||rm||| 00| 0 spa d aCO-BoIAVH cCO-BoIAVH  aspa ack1 aSilva Arias, Luz Marina1 aLa inversión obligatoria del 1 porciento por uso de agua en la cuenca del Rio ManaciasbDepartamento del Meta, por parte de las empresas del sector de hidrocarburos aBogotá:bPontificia Universidad Javeriana, Facultad de Estudios Ambientales y Ruralesc2015. a117 Paginasb27 cm aTesis (Magister en Gestión Ambiental) -- Pontificia Universidad Javeriana, 2015.14aHidrografia de la MacrocuencavMacro cuenca del rio Orinoco14aRecurso hídricovRio Manacias14aLicencias ambientales14aCuencas hidrográficas